000 00408cam a22001217a 4500
008 180718b1963 xxu||||| |||| 00| 0 eng d
082 _aT34084x54 In2r/1963
100 _aStanding advisory committee
245 _aStanding advisory committee on market research (sacmar) : report
_cby Department of Supply, India
260 _aNew Delhi
_bSacmar
_c1963
300 _a11p.
700 _aIndia. Department of Supply,
999 _c497884
_d497884